| 000 | 01006cad a22001935a 4500 | ||
|---|---|---|---|
| 001 | L139957 | ||
| 008 | 070822s2006 xxk g 000 0 eng d | ||
| 035 | _a(Sirsi) u139957 | ||
| 041 | 0 | _aeng | |
| 050 | 0 | 4 | _a690.2 $2 18 |
| 110 | 2 |
_aRoyal Institution of Chartered Surveyors _bBuilding Surveying Faculty _94830 |
|
| 245 | 0 | 4 |
_aThe chartered building surveyor's portfolio _h[electronic resource] |
| 260 |
_aLondon _bRICS _c2006 |
||
| 520 | _aThis short leaflet outlines the range of services chartered building surveyors can undertake. These include: property legislation advice, building pathology advice, project management, project monitoring, building surveys, measured surveys, dilapidations advice, maintenance advice, and insurance assessment claims. | ||
| 651 | 4 | _aInternational | |
| 690 | _aBUILT ENVIRONMENT-BUILDING SURVEYING-BUILDING SURVEYORS | ||
| 856 | 4 | 0 |
_uhttps://www.rics.org/RICSWEB/getpage.aspx?p=NUqULRwjsEmCKQcgkqf37g _zView the leaflet free of charge at www.rics.org... |
| 942 | _n0 | ||
| 999 |
_c107384 _d107384 |
||